Management of Bacterial Wilt of Potato (RalstoniaSolanacearum) by Soil Amendments / (Record no. 14381)

MARC details
000 -LEADER
fixed length control field 01010nam a22002657a 4500
003 - CONTROL NUMBER IDENTIFIER
control field BD-DhSAU
005 - DATE AND TIME OF LATEST TRANSACTION
control field 20190804123827.0
008 - FIXED-LENGTH DATA ELEMENTS--GENERAL INFORMATION
fixed length control field 151014b2017 bg ||||| |||| 001 0 eng d
040 ## - CATALOGING SOURCE
Original cataloging agency BD-DhSAU
082 ## - DEWEY DECIMAL CLASSIFICATION NUMBER
Edition number 22
Classification number 571.92
Item number Sa44
100 ## - MAIN ENTRY--PERSONAL NAME
Personal name Samdani , Kazi Aktar
Relator term Registration No: 11-04435
245 ## - TITLE STATEMENT
Title Management of Bacterial Wilt of Potato (RalstoniaSolanacearum) by Soil Amendments /
Remainder of title MS Thesis
Statement of responsibility, etc. Samdani , Kazi Aktar
260 ## - PUBLICATION, DISTRIBUTION, ETC. (IMPRINT)
Place of publication, distribution, etc. Sher-e- Bangla Agricultural University :
Name of publisher, distributor, etc. Department of Plant Pathology,
Date of publication, distribution, etc. 2017
300 ## - PHYSICAL DESCRIPTION
Extent viii, 50 p. :
Other physical details ill. ;
Dimensions 30 cm.
504 ## - BIBLIOGRAPHY, ETC. NOTE
Bibliography, etc Includes Bibliographic Reference
590 ## - Name of Cataloguer
Name of Cataloger Shofi
650 ## - SUBJECT ADDED ENTRY--TOPICAL TERM
Topical term or geographic name as entry element Plant Pathology
Source of heading or term
650 ## - SUBJECT ADDED ENTRY--TOPICAL TERM
Topical term or geographic name as entry element Bacterial Wilt
650 ## - SUBJECT ADDED ENTRY--TOPICAL TERM
Topical term or geographic name as entry element Potato (Ralstonia Solanacearum)
650 ## - SUBJECT ADDED ENTRY--TOPICAL TERM
Topical term or geographic name as entry element Soil Amendments
700 ## - ADDED ENTRY--PERSONAL NAME
Personal name Chowdhury , M. Salahuddin M.
Relator term Supervisor
700 ## - ADDED ENTRY--PERSONAL NAME
Personal name Begum , Fatema
Relator term Co-Supervisor
856 ## - ELECTRONIC LOCATION AND ACCESS
Uniform Resource Identifier <a href="http://archive.saulibrary.edu.bd:8080/xmlui/handle/123456789/298">http://archive.saulibrary.edu.bd:8080/xmlui/handle/123456789/298</a>
Link text Online Access
942 ## - ADDED ENTRY ELEMENTS (KOHA)
Source of classification or shelving scheme Dewey Decimal Classification
Koha item type MS Level Thesis
Holdings
Withdrawn status Lost status Source of classification or shelving scheme Damaged status Not for loan Collection code Home library Branch Name Date acquired Total Checkouts Full call number Barcode Date last seen Price effective from Koha item type
    Dewey Decimal Classification   Not For Loan Reference SAU Library SAU Library 25/10/2018   571.92 Sa44 40906 30/10/2018 30/10/2018 MS Level Thesis